| 000 | 00464cam a22001337a 4500 | ||
|---|---|---|---|
| 008 | 180718b1984 xxu||||| |||| 00| 0 eng d | ||
| 082 | _aAPPPA 83-84 BHA/P | ||
| 100 | _aPrasad, Bharti | ||
| 245 |
_aRural development and social forestry with special refernce to Madhya Pradesh _cby Bharti Prasad |
||
| 260 |
_aNew Delhi _bIndian Institute of Public Administration _c1984 |
||
| 300 | _a107p. | ||
| 650 | _aSocial forestry-Madhya Pradesh | ||
| 650 | _aRural development | ||
| 999 |
_c501350 _d501350 |
||